| 000 | 00546nam a22001817a 4500 | ||
|---|---|---|---|
| 005 | 20251108164842.0 | ||
| 008 | 250721s1993 xx 000 0 ara d | ||
| 082 | 1 | 4 | _a616.83/ناد |
| 100 | 1 | _aالكسواني، نادر يوسف | |
| 245 | 1 | 0 |
_aالشلل الدماغي : _bالتطوير الحركي و الإدراكي / |
| 264 | 1 |
_aعمان : _bالمؤلف، _c1993. |
|
| 300 | _a221ص | ||
| 650 | 1 | 7 | _aالدماغ |
| 650 | 1 | 7 | _aأمراض الدماغ |
| 650 | 1 | 7 | _aالشلل الدماغي |
| 942 |
_2ddc _cBK |
||
| 999 |
_c15895 _d15895 |
||